000 00615nam a2200181 i 4500
001 25771
003 ES-MaACL
005 20250805063231.0
007 t|
008 030102s1870 fr ||||1| fre d
100 0 _aAristóteles
_922861
245 1 0 _aRhetorique /
_cd'Aristóteles ; traduit en français et accompagné des notes avec la Rhetorique a Alexandre et un apar J. Barthelemy Saint Hilaire.
260 _aParís :
_b[s.n.,
_c1870] (
_fSaint Cloud)
300 _a2 v. ;
_c24 cm.
700 0 _aBarthelemy Saint-Hilaire, Jules.
_926123
852 _aES-MaACL
_jF-8725-26
999 _c25771
_d25771